Élimination par catégorie - Spécial "Histoire" - Statistiques

Statistiques générales
  • Ce quiz a été pris 279 fois
  • Le résultat moyen est 18 sur 20
Statistiques - réponses
Catégories Questions % Correct
Catégorie n°3 Pays
97%
Catégorie n°3 … anciennement colonisé par la France
97%
Catégorie n°2 Président (élu) de la République française
97%
Catégorie n°2 … de la V° République
97%
Catégorie n°4 Dieu / Déesse de la Mythologie Grecque
97%
Catégorie n°1 Merveille du Monde
95%
Catégorie n°3 … situé dans l'hémisphère Nord
95%
Catégorie n°2 … n'ayant effectué qu'un seul mandat
95%
Catégorie n°4 … dont le nom commence par une consonne
95%
Catégorie n°3 … sur le continent américain
94%
Catégorie n°2 … âgé de plus de 50 ans au moment de son élection
94%
Catégorie n°4 … ne régnant pas sur le monde souterrain
94%
Catégorie n°4 … frère / sœur de Déméter
90%
Catégorie n°3 … découvert par Jacques Cartier en 1534 Canada
86%
Catégorie n°1 … moderne
82%
Catégorie n°2 … décédé en fonction en 1974 Pompidou
81%
Catégorie n°1 … de plus de 35 m (de hauteur / d'altitude)
80%
Catégorie n°1 … située en Asie
77%
Catégorie n°4 … équivalent de Neptune dans la Mythologie Romaine Poséidon
75%
Catégorie n°1 … en marbre blanc Taj Mahal
65%
Aucun quiz correspondant
Distribution des résultats
% des personnes avec chaque résultat
Percentile par nombre de réponses
Votre historique - résultats
Vous n’avez pas pris ce quiz